| 000 | 01032aam a2200325 i 4500 | ||
|---|---|---|---|
| 001 | 768714001 | ||
| 003 | CO-MdFUSB | ||
| 005 | 20250121163841.0 | ||
| 007 | ta | ||
| 008 | 200915t2008 ger |||| |||| 00| 0 eng d | ||
| 020 | _a9783438052773 | ||
| 040 |
_bspa. _aCO-MdFUSB _cCO-MdFUSB _dCO-MdFUSBC _erda |
||
| 041 |
_aeng _hheb |
||
| 082 | 0 | 4 |
_223 _aR 220.44 _b B58236s |
| 245 | 1 | 0 |
_aBiblia Hebraica Quinta : _bProverbs _c/ Preparada por Jan de Waard |
| 264 | 1 |
_aGermany _bDeutsche Bibelgesellschaft, _c[2008] |
|
| 264 | 4 | _c© 2008 | |
| 300 |
_aXXIX , 123 páginas. _c; 24 cm |
||
| 336 |
_2rdacontent _atexto _btxt |
||
| 337 |
_2rdamedia _asin mediación _bn |
||
| 338 |
_2rdacarrier _avolumen _bnc |
||
| 505 | _aNotas en la Masorah Parva -- Notas en la Masorah Magna -- Comentarios en el Aparato Crítico | ||
| 563 | _aRústico | ||
| 630 | 0 | 7 |
_aBiblia. _pProverbios |
| 630 | 0 | 7 |
_aBiblia. _pAntiguo Testamento |
| 700 |
_94822 _aWaard, Jan de _eeditor |
||
| 942 | _cREF | ||
| 945 | _aJTF-925 | ||
| 999 |
_c44645 _d44645 |
||